| Tag |
First Indicator |
Second Indicator |
Subfields |
| LEADER |
00000pam a2200000 i 4500 |
| 001 |
in00000676821 |
| 005 |
20151016050734.0 |
| 008 |
790320s1980 iluaf b 00110 eng |
| 010 |
|
|
|a 79011838
|
| 020 |
|
|
|a 0226428893
|
| 035 |
|
|
|a (OCoLC)04832233
|
| 035 |
|
|
|9 ADA6652AM
|
| 040 |
|
|
|a DLC
|c DLC
|d TXA
|d UtOrBLW
|
| 043 |
|
|
|a e-uk-en
|
| 049 |
|
|
|a TXAM
|c [1383939]
|
| 050 |
0 |
0 |
|a GN799.T6
|b K43
|
| 082 |
0 |
|
|a 930/.1/0285
|
| 100 |
1 |
|
|a Keeley, Lawrence H.
|
| 245 |
1 |
0 |
|a Experimental determination of stone tool uses :
|b a microwear analysis /
|c Lawrence H. Keeley.
|
| 264 |
|
1 |
|a Chicago :
|b University of Chicago Press,
|c 1980.
|
| 300 |
|
|
|a xiii, 212 pages, 20 unnumbered leaves of plates :
|b illustrations ;
|c 25 cm.
|
| 336 |
|
|
|a text
|b txt
|2 rdacontent
|
| 337 |
|
|
|a unmediated
|b n
|2 rdamedia
|
| 338 |
|
|
|a volume
|b nc
|2 rdacarrier
|
| 490 |
1 |
|
|a Prehistoric archeology and ecology
|
| 500 |
|
|
|a Includes index.
|
| 504 |
|
|
|a Bibliography: pages 199-204.
|
| 650 |
|
0 |
|a Stone implements.
|
| 650 |
|
0 |
|a Stone implements
|z England.
|
| 650 |
|
0 |
|a Paleolithic period
|z England.
|
| 650 |
|
0 |
|a Mechanical wear.
|
| 830 |
|
0 |
|a Prehistoric archeology and ecology.
|
| 999 |
|
|
|a MARS
|
| 999 |
f |
f |
|s c61460ba-3fcc-3af5-abb8-251f52eb6706
|i d82a1136-594e-3f5a-9a52-511464ab46e0
|t 0
|
| 952 |
f |
f |
|p normal
|a Texas A&M University
|b College Station
|c Sterling C. Evans Library
|s Evans stk
|d Evans: Library Stacks
|t 0
|e GN799.T6 K43
|h Library of Congress classification
|i unmediated -- volume
|m A14802437789
|
| 998 |
f |
f |
|a GN799.T6 K43
|t 0
|l Evans: Library Stacks
|